Tytuły obrazów Jana Matejki - nagła śmierć - Statystyki

Ogólne statystyki
  • Ten quiz został rozwiązany 94 razy
  • Średni wynik to 8 z 18
Answers on the Grid
Answers color-coded by a green-red scale on the quiz's grid according to % correct below.
,,Astronom Kopernik, czyli rozmowa z Bogiem"
,,Babie lato"
,,Bitwa pod Grunwaldem"
,,Chrzest Litwy"
,,Dziewczynka z chryzantemami"
,,Hołd Pruski"
,,Jan Kochanowski nad zwłokami Urszulki"
,,Józef Piłsudski na Kasztance"
,,Kazanie Skargi"
,,Konstytucja 3 Maja 1791 roku"
,,Olszynka Grochowska"
,,Otrucie Królowej Bony"
,,Panorama Racławicka"
,,Portret Adama Mickiewicza na Judahu skale"
,,Przyjęcie Żydów"
,,Rejtan"
,,Rzeczpospolita Babińska"
,,Śluby Jana Kazimierza"
,,Śmierć Barbary Radziwiłłówny"
,,Stańczyk"
,,Stefan Batory pod Pskowem"
,,Szał uniesień"
,,Unia Lubelska"
,,Wernyhora"
,,Wolność wiodąca lud na barykady"
,,Zaprowadzenie Chrześcijaństwa"
,,Zawieszenie Dzwonu Zygmunta"
,,Żydówka z pomarańczami"
 
Statystyki odpowiedzi
Odpowiedź % Poprawnych
,,Bitwa pod Grunwaldem"
86%
,,Hołd Pruski"
84%
,,Konstytucja 3 Maja 1791 roku"
82%
,,Kazanie Skargi"
62%
,,Stańczyk"
62%
,,Chrzest Litwy"
58%
,,Rejtan"
56%
,,Astronom Kopernik, czyli rozmowa z Bogiem"
46%
,,Unia Lubelska"
44%
,,Stefan Batory pod Pskowem"
38%
,,Jan Kochanowski nad zwłokami Urszulki"
36%
,,Zawieszenie Dzwonu Zygmunta"
36%
,,Śluby Jana Kazimierza"
32%
,,Otrucie Królowej Bony"
30%
,,Zaprowadzenie Chrześcijaństwa"
18%
,,Przyjęcie Żydów"
12%
,,Wernyhora"
12%
,,Rzeczpospolita Babińska"
6%
Nie znaleziono quizów pasujących do podanych kryteriów
Rozkład punktacji
Procent ludzi z każdym wynikiem
Percentyl według liczby udzielonych odpowiedzi
Twoja historia wyników
Nie rozwiązałeś tego quizu